| 000 | 00568nam a2200205 i 4500 | ||
|---|---|---|---|
| 001 | 147598 | ||
| 003 | ES-MaACL | ||
| 005 | 20250831070758.0 | ||
| 007 | t| | ||
| 008 | 071004s1971 sp ||||1| spa d | ||
| 080 | _a27 | ||
| 080 | _a262.8:262.5 Vat.II | ||
| 100 | 1 |
_aUriarte, Pedro. _9112152 |
|
| 245 | 1 | 0 |
_aGestión participativa en el pueblo de Dios / _cPedro Uriarte. |
| 260 |
_aBilbao : _bMensajero, _c[1971] |
||
| 300 |
_a317 p. ; _c20 cm. |
||
| 610 | 2 | 7 |
_aIglesia Católica- _xGobierno _2 _9165877 |
| 852 | 4 |
_aES-MaACL _jC-49523 |
|
| 999 |
_c147598 _d147598 |
||